000
00307nam a22001337a 4500
008
171104b xxu||||| |||| 00| 0 eng d
020
_a
9780071625364
041
_a
eng
080
_a
339.138
100
_a
61
101
_a
MKT
245
_a
THE NEXT EVOLUTION OF MARKETING
_c
GILBREATH, B
942
_2
udc
_c
BK
999
_c
37618
_d
37618